000 00720nam a22002417a 4500
999 _c4825
_d4825
003 AR-CdUCM
008 190311b ||||| |||| 00| 0 spa d
040 _aMUNICIPALIDAD PROVINCIAL DEL CUSCO
_cBIBLIOTECA MUNICIPAL DEL CUSCO
041 _heng
082 _a720.973 /
_bM96
100 _aMumford, Lewis,
_914873
245 _aLas décadas oscuras /
260 _aBuenos Aires :
_b Eds. Infinito,
_c1960.
300 _a223 paginas ;
_bIlustraciones,
_c20 cm.
500 _aTitulo original: The brown decades
505 _aArtes
650 _aArt4es
_914874
650 _aArquitectura
_93356
650 _aDecadas
_914875
700 _aRevol, Enrique (Traductor)
_914876
942 _2ddc
_cLIBROS
945 _aacv